Macbeth [

Bibliographic Details
Main Author: Shakespeare, William
Other Authors: Gold, Jack
Format: Book
Published: London : BBC Video , 199-
Subjects:

MARC

LEADER 00000cam a2200000 7i4500
001 0000001961
002 000002129
005 20091006.0
020 |a 000002129 
090 0 0 |a 822.33   |b SHA 
100 1 |a Shakespeare, William 
245 1 0 |a Macbeth [  |h video recording]   |c William Shakespeare 
260 |a London :   |b BBC Video ,   |c 199- 
300 |a 1 Video cassette VHS (149 minutes) :   |b col.(PAL) 
500 |a Library has 1 set copy 
650 0 0 |a Shakespeare, William   |y 1564-1616   |x Film and video adaptation 
700 1 |a Gold, Jack 
999 |a 00051   |b VIDEO   |c KOLEKSI AUDIO VIDEO   |e PERPUSTAKAAN KOMUNITI PETALING JAYA